[Event "Nana Aleksandria Cup"]
[Site "Poti GEO"]
[Date "2011.07.17"]
[Round "7"]
[White "Batsiashvili,N"]
[Black "Beradze,I"]
[Result "1/2-1/2"]
[WhiteElo "2381"]
[BlackElo "2281"]

1.d4 Nf6 2.c4 e6 3.Nf3 Bb4+ 4.Bd2 Bxd2+ 5.Nbxd2 d5 6.g3 c6 7.Bg2 Nbd7 8.Qc2 O-O
9.O-O b6 10.Rfd1 Bb7 11.e4 Rc8 12.e5 Ne8 13.Rac1 c5 14.dxc5 Rxc5 15.b4 Rc7
16.Qb1 Qe7 17.cxd5 Bxd5 18.Ne4 Rxc1 19.Rxc1 f6 20.exf6 Nexf6 21.Nc3 Ba8 22.Re1 Ng4
23.Ne4 h6 24.h3 Ngf6 25.Nc3 Nd5 26.Nxd5 Bxd5 27.Re3 Qf6 28.a4 Ne5 29.Rxe5 Bxf3
30.Qb2 Rd8 31.Bxf3 Qxf3 32.Re1 Rd5 33.Qc2 e5 34.Qe4 Qxe4  1/2-1/2

[Event "20th ch-MKD Open"]
[Site "Struga MKD"]
[Date "2011.07.18"]
[Round "3"]
[White "Dancevski,O"]
[Black "Menkinoski,R"]
[Result "1/2-1/2"]
[WhiteElo "2384"]
[BlackElo "2345"]

1.d4 Nf6 2.c4 e6 3.Nf3 Bb4+ 4.Bd2 a5 5.Nc3 d6 6.Qc2 Nbd7 7.a3 Bxc3 8.Bxc3 Qe7
9.e3 O-O 10.Be2 e5 11.O-O Re8 12.dxe5 dxe5 13.b4 e4 14.Nd2 h6 15.Rae1 axb4
16.axb4 Nf8 17.f3 exf3 18.Bxf3 N8h7 19.Qb2 Ra6 20.Bd4 Ng5 21.Kh1 Re6 22.c5 Nxf3
23.gxf3 Nh5 24.Rg1 Rg6 25.Rxg6 fxg6 26.Rg1 Qf7 27.Qb3 Be6 28.Qb1 Kh7 29.Qe1 Bd5
30.Qf2 Rf8 31.b5 Qe8 32.b6 cxb6 33.cxb6 Qf7 34.Rc1 Bc6 35.Ra1 Qe6 36.Ra5 Rf5
37.Rxf5 gxf5 38.Qh4 Qg6 39.Be5 Qf7 40.Qd4 Kg6 41.Kg2 Qa2 42.Kf2 Qc2 43.e4 fxe4
44.fxe4 Nf6 45.Bxf6 gxf6 46.Qe3 h5 47.Kg3 Qb2 48.Nf3 Qb5 49.Nh4+ Kf7 50.Nf5 Qe5+
51.Qf4 Ke6 52.Ng7+ Kf7 53.Qxe5 fxe5 54.Nf5 Ke6 55.Kf3 Ba4 56.Ke3 Kd7 57.Nh4 Kd6
58.Nf3 Bd1 59.Ng5 Kc5 60.Nf7 Kxb6 61.Nxe5 Kc5 62.Nd3+ Kd6 63.Kd4 Bg4 64.h4 b6
65.Nf4 b5 66.e5+ Kc6 67.Nd3 Be6 68.Nb4+ Kd7 69.Nd3 Kc6 70.Nf4 Bg4 71.Nd5 Be6
72.Nf4 Bg4 73.Nd3 Be6  1/2-1/2

[Event "Czech Open G Rapid"]
[Site "Pardubice CZE"]
[Date "2011.07.20"]
[Round "3.5"]
[White "Zakhartsov,Vi"]
[Black "Voloshin,L"]
[Result "1/2-1/2"]
[WhiteElo "2578"]
[BlackElo "2411"]

1.d4 Nf6 2.c4 e6 3.Nf3 Bb4+ 4.Bd2 Qe7 5.g3 b6 6.Bg2 Bb7 7.O-O Bxd2 8.Qxd2 O-O
9.Nc3 Ne4 10.Qc2 Nxc3 11.Qxc3 Be4 12.Rfd1 d6 13.Bh3 Nd7 14.Qe3 Bb7 15.d5 e5
16.Nd4 g6 17.Nb5 Qd8  1/2-1/2

[Event "15th Battle of Senta Open"]
[Site "Senta SRB"]
[Date "2011.07.22"]
[Round "8.15"]
[White "Kovacs,Art"]
[Black "Amstadt,A"]
[Result "0-1"]
[WhiteElo "2099"]
[BlackElo "2281"]

1.d4 Nf6 2.Nf3 e6 3.c4 Bb4+ 4.Bd2 Qe7 5.g3 Nc6 6.Bg2 Bxd2+ 7.Nbxd2 d6 8.O-O O-O
9.e4 e5 10.d5 Nb8 11.Ne1 a5 12.a3 a4 13.Nd3 Bg4 14.Qe1 Nbd7 15.f4 exf4 16.gxf4 Rfe8
17.Qe3 c6 18.Qg3 Be2 19.Rfe1 Bxd3 20.Qxd3 cxd5 21.cxd5 Nh5 22.Qf3 Qf6 23.Qxh5 Qd4+
24.Kh1 Qxd2 25.Re2 Qd4 26.Qf3 Ra5 27.Rc1 Rc5 28.Rxc5 Nxc5 29.Qe3 Qxe3 30.Rxe3 f6
31.Kg1 Kf7 32.Kf2 g5 33.fxg5 fxg5 34.Rh3 Kg6 35.Ke3 h5 36.Kd4 g4 37.Re3 Re5
38.h3 Kg5 39.Rg3 Kf4 40.Re3 Re7 41.Re1 Kg3 42.hxg4 Kxg2 43.gxh5 Kf2 44.Rh1 Rxe4+
45.Kc3 Re3+ 46.Kd4 Re4+ 47.Kc3 Kg2 48.Rd1 Rh4 49.Rd4 Rxh5  0-1

[Event "Open NK"]
[Site "Dieren NED"]
[Date "2011.07.23"]
[Round "5"]
[White "Neverov, Valeriy"]
[Black "Timman, Jan"]
[Result "1-0"]
[WhiteElo "2500"]
[BlackElo "2575"]

1.d4 Nf6 2.c4 e6 3.Nf3 Bb4+ 4.Bd2 a5 5.g3 b6 6.Bg2 Bb7 7.O-O O-O 8.Bg5 Be7
9.Nc3 Ne4 10.Bxe7 Qxe7 11.Rc1 Na6 12.d5 Nxc3 13.Rxc3 Nc5 14.Nd4 g6 15.Nb3 e5
16.Nxc5 Qxc5 17.e4 Rae8 18.a3 f5 19.Qa4 Rf7 20.b4 Qd4 21.Qc2 fxe4 22.Re3 axb4
23.axb4 b5 24.Rxe4 Qa7 25.h4 d6 26.h5 gxh5 27.Rh4 bxc4 28.Be4 Qb6 29.Bxh7+ Kf8
30.Rd1 Qb5 31.Bg6 Bxd5 32.Rxh5 Ke7 33.Rxd5 Qxd5 34.Bxf7  1-0

[Event "ch-AUT"]
[Site "Linz AUT"]
[Date "2011.07.23"]
[Round "1"]
[White "Kessler,L"]
[Black "Fauland,A"]
[Result "1-0"]
[WhiteElo "2188"]
[BlackElo "2477"]

1.d4 Nf6 2.c4 e6 3.Nf3 Bb4+ 4.Bd2 c5 5.Bxb4 cxb4 6.g3 O-O 7.Bg2 d6 8.O-O Nc6
9.a3 Qb6 10.Qb3 e5 11.axb4 exd4 12.Nbd2 Bg4 13.h3 Bxf3 14.Nxf3 Rfe8 15.b5 a6
16.Rfd1 Ne4 17.Qd3 Nc5 18.Qf5 Ne7 19.Qc2 axb5 20.Rxa8 Rxa8 21.cxb5 Ne6 22.Qd3 Ra4
23.Rc1 Rb4 24.Ng5 Nxg5 25.Qa3 h5 26.Qxb4 h4 27.g4 Ne6 28.Qc4 g6 29.Re1 Nf4
30.e3 Nxg2 31.Kxg2 dxe3 32.Rxe3 Kf8 33.Qe4 Ng8 34.Qe8+ Kg7 35.Rf3 Nh6 36.Qd7 Qd4
37.Qxb7 Qxb2 38.Qc6  1-0

[Event "ch-AUT"]
[Site "Linz AUT"]
[Date "2011.07.23"]
[Round "1"]
[White "Fugger,Christian"]
[Black "Ganaus,H"]
[Result "0-1"]
[WhiteElo "2074"]
[BlackElo "2287"]

1.d4 Nf6 2.c4 e6 3.Nf3 Bb4+ 4.Bd2 a5 5.a3 Bxd2+ 6.Nbxd2 d6 7.e3 Qe7 8.Bd3 e5
9.dxe5 dxe5 10.Qc2 Nbd7 11.O-O O-O 12.Ne4 Nxe4 13.Bxe4 g6 14.Qc3 a4 15.Rfd1 Nc5
16.Qb4 Re8 17.Bc2 b6 18.b3 axb3 19.Bxb3 Bb7 20.Ne1 h5 21.a4 h4 22.h3 Ra5
23.Bc2 Bc6 24.f3 Qg5 25.Qd2 e4 26.f4 Qe7 27.Qf2 Nxa4 28.Bxa4 Bxa4 29.Rd5 Rxd5
30.cxd5 Bb3 31.f5 Bxd5 32.f6 Qe5 33.Ra7 g5 34.Nc2 Re6 35.Nb4 Rxf6 36.Qd2 c6
37.Ra8+ Kg7 38.Ra6 Bc4  0-1

[Event "4th Paleohora Open"]
[Site "Paleochora GRE"]
[Date "2011.07.23"]
[Round "5"]
[White "Iasman,I"]
[Black "Zinchenko,Ya"]
[Result "0-1"]
[WhiteElo "2014"]
[BlackElo "2543"]

1.d4 Nf6 2.c4 e6 3.Nf3 Bb4+ 4.Bd2 a5 5.Bxb4 axb4 6.Nbd2 Qe7 7.e3 d6 8.Be2 e5
9.dxe5 dxe5 10.O-O O-O 11.Nb3 c5 12.Qc2 e4 13.Nfd2 Nc6 14.a3 Bf5 15.axb4 Nxb4
16.Qc3 Rad8 17.Nc1 Qd6 18.Rd1 b6 19.Nf1 Qe6 20.Nb3 Bg4 21.Bxg4 Nxg4 22.h3 Ne5
23.Ng3 Nxc4 24.Nh5 Ne5 25.Nf4 Qe7 26.Nd2 Ned3 27.Nxd3 Rxd3 28.Qc1 Rfd8 29.Ra3 R3d5  0-1

[Event "III Corporation Cup A"]
[Site "Izhevsk RUS"]
[Date "2011.07.24"]
[Round "9"]
[White "Shurunov,As"]
[Black "Belova,O"]
[Result "1-0"]
[WhiteElo "2216"]
[BlackElo "1976"]

1.d4 Nf6 2.c4 e6 3.Nf3 Bb4+ 4.Bd2 Qe7 5.e3 O-O 6.Bd3 d5 7.O-O Bxd2 8.Nbxd2 b6
9.cxd5 exd5 10.Rc1 c5 11.dxc5 bxc5 12.b3 Bb7 13.Qe2 Ne4 14.Rfd1 Nc6 15.Ne1 Nf6
16.Ba6 Bxa6 17.Qxa6 Nb4 18.Qa5 Nd7 19.Ndf3 Qe6 20.a3 Nc6 21.Qd2 Ne7 22.Nd3 Qb6
23.Qc2 Rac8 24.Nf4 Nf6 25.Ne5 Rfd8 26.h3 h6 27.Qa2 Ne4 28.Qb1 Ng5 29.Rd2 Qa5
30.Qa2 Ne4 31.Rdc2 Nd6 32.Nfd3 f6 33.Nf3 c4 34.Nb4 Nb5 35.bxc4 Qxa3 36.cxb5 Qxb4
37.Rxc8 Nxc8 38.Nd4 Qd6 39.Rc6 Qd7 40.Qc2 Kh8 41.Rc7 Qe8 42.Nf5 Nd6 43.Nxd6 Rxd6
44.Qc5 Rd8 45.Qxa7 Qxb5 46.Rxg7 Qb1+ 47.Kh2 Qb8+ 48.Qxb8 Rxb8 49.Rd7 Rb5
50.Kg3 Kg8 51.Kf3 Kh8 52.g4 Kg8 53.Kg3 Kh8 54.Kf4 Kg8 55.Kf5 d4+ 56.Kxf6 Rb6+
57.Kf5 dxe3 58.fxe3 Rb5+ 59.Kf4 Rb3 60.h4 Rb1 61.e4 Rf1+ 62.Ke5 Rh1 63.h5 Rf1
64.Rd6 Kg7 65.Rg6+ Kh7 66.Ke6 Ra1 67.e5 Ra6+ 68.Kf7 Ra7+ 69.Kf6 Ra1 70.e6 Rf1+
71.Ke7 Rd1 72.Ke8 Re1 73.e7 Rf1 74.Kd7 Rf7 75.Kd8 Rf8+ 76.exf8=B  1-0

[Event "COQ Invitational"]
[Site "Montreal CAN"]
[Date "2011.07.25"]
[Round "4"]
[White "Arencibia Rodriguez,W"]
[Black "Sambuev,B"]
[Result "1/2-1/2"]
[WhiteElo "2476"]
[BlackElo "2528"]

1.d4 Nf6 2.c4 e6 3.Nf3 Bb4+ 4.Bd2 Qe7 5.g3 O-O 6.Nc3 Bxc3 7.Bxc3 Ne4 8.Rc1 d6
9.Bg2 Nxc3 10.Rxc3 e5 11.O-O a5 12.c5 Nc6 13.d5 Nb4 14.cxd6 cxd6 15.a3 Na6
16.Nd2 Bd7 17.Nc4 Rac8 18.Qd2 a4 19.f4 Bb5 20.Ne3 Rxc3 21.Qxc3 Re8 22.fxe5 Qxe5
23.Qxe5 dxe5 24.d6 e4 25.Rc1 Bd7 26.Nd5 f5 27.g4 Kf7 28.Nb6 Bc6 29.gxf5 Rd8
30.d7 Kf6 31.Kf2 Kxf5 32.Ke3 Nb8 33.Rc4 Ke5 34.Bxe4 Nxd7 35.Nxd7+ Rxd7 36.Bxc6 bxc6
37.Rxa4 c5 38.Ra5 Kd6 39.Ra6+ Kd5 40.Kd3 Rb7 41.Kc3 Re7 42.Kd3 Rb7  1/2-1/2

[Event "COQ Invitational"]
[Site "Montreal CAN"]
[Date "2011.07.25"]
[Round "4"]
[White "Caire,Francois"]
[Black "Kleiman,J"]
[Result "1/2-1/2"]
[WhiteElo "2150"]
[BlackElo "2375"]

1.d4 Nf6 2.c4 e6 3.Nf3 Bb4+ 4.Bd2 Bxd2+ 5.Qxd2 d5 6.g3 O-O 7.Bg2 c6 8.O-O Nbd7
9.Ne5 Nxe5 10.dxe5 Nd7 11.f4 dxc4 12.Na3 Nb6 13.Rfd1 Qxd2 14.Rxd2 f6 15.exf6 gxf6
16.Rc1 e5 17.Nxc4 Nxc4 18.Rxc4 Be6 19.Rb4 Rf7 20.a3 Re8 21.Re4 Bd5 22.Re3 e4
23.g4 Rg7 24.Rg3 Kf7 25.Rd4 h5 26.g5 h4 27.Rg4 Reg8 28.Kf1 h3 29.Bxh3 fxg5
30.Bg2 gxf4 31.Rxf4+ Ke6 32.Bxe4 Ke5 33.Bxd5 cxd5 34.e3 Rg1+ 35.Ke2 Rh1 36.h4 Rg2+
37.Rf2 Rhh2 38.Rxg2 Rxg2+ 39.Kf3 Rxb2 40.Rb4 Ra2 41.h5 Rh2 42.Rxb7 Rxh5 43.Rxa7 Rh3+
44.Ke2 d4 45.exd4+ Kxd4 46.a4  1/2-1/2

[Event "5th AD San Juan Open"]
[Site "Pamplona ESP"]
[Date "2011.07.25"]
[Round "1"]
[White "Damljanovic,B"]
[Black "Vinal Gutierrez,P"]
[Result "1-0"]
[WhiteElo "2611"]
[BlackElo "2074"]

1.d4 Nf6 2.c4 e6 3.Nf3 Bb4+ 4.Bd2 Qe7 5.Qc2 O-O 6.e4 Bxd2+ 7.Nbxd2 d6 8.e5 Nfd7
9.Bd3 f5 10.exf6 Nxf6 11.O-O Nc6 12.a3 e5 13.d5 Nb8 14.Rae1 Bg4 15.Nh4 Nbd7
16.h3 Bh5 17.f4 Nc5 18.fxe5 dxe5 19.Bf5 g6 20.b4 Nfd7 21.Nxg6 Bxg6 22.Bxg6 Rxf1+
23.Kxf1 Rf8+ 24.Nf3 hxg6 25.Qxg6+ Qg7 26.Qxg7+ Kxg7 27.bxc5 Nxc5 28.Rxe5 Kf6
29.Re3 Rf7 30.g4 Rh7  1-0

[Event "ch-AUT"]
[Site "Linz AUT"]
[Date "2011.07.26"]
[Round "4"]
[White "Fugger,Christian"]
[Black "Fruehauf,N"]
[Result "0-1"]
[WhiteElo "2074"]
[BlackElo "2083"]

1.d4 Nf6 2.c4 e6 3.Nf3 Bb4+ 4.Bd2 Qe7 5.a3 Bxd2+ 6.Nbxd2 d6 7.e3 Nbd7 8.Bd3 e5
9.dxe5 dxe5 10.Qc2 O-O 11.O-O b6 12.Ng5 h6 13.Nge4 Bb7 14.Nxf6+ Nxf6 15.Ne4 Nd7
16.Ng3 Rad8 17.Rfd1 Nc5 18.Bh7+ Kh8 19.b4 Ne6 20.Be4 Bc8 21.Rxd8 Rxd8 22.Rd1 g6
23.Rxd8+ Nxd8 24.Qc3 Kh7 25.Bc2 f5 26.f3 Nf7 27.Kf2 Be6 28.Bb3 c5 29.b5 h5
30.a4 Qd6 31.Bc2 h4 32.Nf1 Ng5 33.Qd3 Qc7 34.Kg1 h3 35.Nd2 hxg2 36.Kxg2 Nf7
37.Nb1 Qe7 38.Nc3 Qh4 39.Nd5 Ng5 40.f4 Qh3+ 41.Kf2 Qxh2+ 42.Ke1 Nf3+ 43.Kd1 Qg1+
44.Ke2 Qe1+  0-1

[Event "4th Paleohora Open"]
[Site "Paleochora GRE"]
[Date "2011.07.27"]
[Round "9"]
[White "Simonian,T"]
[Black "Sandipan,C"]
[Result "0-1"]
[WhiteElo "2294"]
[BlackElo "2656"]

1.d4 Nf6 2.c4 e6 3.Nf3 Bb4+ 4.Bd2 c5 5.g3 Qb6 6.Nc3 cxd4 7.Nb5 Bxd2+ 8.Qxd2 Nc6
9.Nfxd4 Ne4 10.Qe3 Qa5+ 11.Nc3 Nxc3 12.Nxc6 bxc6 13.Qxc3 Qxc3+ 14.bxc3 Ba6
15.c5 Rb8 16.O-O-O Rb5 17.e3 Ra5 18.Bxa6 Rxa6 19.Rd2 Ke7 20.Rhd1 Rd8 21.Rb2 Ra5
22.Kc2 Rxc5 23.Rb7 Ra5 24.Kb3 Rb5+ 25.Rxb5 cxb5 26.c4 bxc4+ 27.Kxc4 d5+ 28.Kd3 Rb8
29.Rd2 e5 30.Rc2 Kd6 31.e4 d4 32.f4 f6 33.fxe5+ fxe5 34.Rf2 Rb7 35.Rf8 Rb2
36.Rf7 Rxa2 37.Rxg7 Ra3+ 38.Kd2 a5 39.Rxh7 a4 40.g4 Ra2+ 41.Kd3 a3 42.h4 Ra1
43.Ra7 a2 44.Kc2 d3+ 45.Kb2 d2  0-1

[Event "2nd ch-Vojvodina"]
[Site "Novi Sad SRB"]
[Date "2011.07.28"]
[Round "6.1"]
[White "Bodiroga,P"]
[Black "Radlovacki,J"]
[Result "1/2-1/2"]
[WhiteElo "2395"]
[BlackElo "2416"]

1.d4 Nf6 2.c4 e6 3.Nf3 Bb4+ 4.Bd2 Qe7 5.g3 b6 6.Bg2 Bb7 7.O-O Bxd2 8.Qxd2 O-O
9.Nc3 Ne4 10.Nxe4 Bxe4 11.Qf4 d5 12.Rac1 c5 13.cxd5 exd5 14.dxc5 bxc5 15.Qe5 Qb7
16.Rxc5 Qa6 17.Rc7 Nc6 18.Qc3 Rac8 19.Rxc8 Rxc8 20.Bh3 Rd8 21.Nd4 Nxd4 22.Qxd4 Qxe2
23.Bg2 Bxg2 24.Kxg2 h6 25.Rc1 Qe4+ 26.Qxe4 dxe4 27.Rc4  1/2-1/2

[Event "2nd ch-Vojvodina"]
[Site "Novi Sad SRB"]
[Date "2011.07.28"]
[Round "7.13"]
[White "Ratkovic,Miloj"]
[Black "Tancik,K"]
[Result "1/2-1/2"]
[WhiteElo "2132"]
[BlackElo "2273"]

1.d4 Nf6 2.Nf3 e6 3.c4 Bb4+ 4.Bd2 Qe7 5.e3 Bxd2+ 6.Nbxd2 d6 7.Bd3 O-O 8.Qc2 e5
9.dxe5 dxe5 10.O-O Na6 11.a3 Nc5 12.Ne4 Nfxe4 13.Bxe4 f5 14.Bd5+ Kh8 15.b4 Nd7
16.c5 c6 17.Bb3 e4 18.Nd4 Ne5 19.Rae1 Bd7 20.f4 exf3 21.Nxf3 Nxf3+ 22.Rxf3 Be6
23.Bxe6 Qxe6 24.e4 Qe5 25.Ref1 f4  1/2-1/2

[Event "TCh-POR 1st Div"]
[Site "Torres Vedras POR"]
[Date "2011.07.28"]
[Round "6.1"]
[White "Heberla,B"]
[Black "Diogo,V"]
[Result "1-0"]
[WhiteElo "2539"]
[BlackElo "2299"]

1.d4 Nf6 2.c4 e6 3.Nf3 Bb4+ 4.Bd2 a5 5.g3 Nc6 6.Bg2 O-O 7.O-O Bxd2 8.Qxd2 Ne4
9.Qc2 f5 10.a3 Qf6 11.d5 Ne7 12.Nbd2 exd5 13.cxd5 Nxd5 14.Nxe4 fxe4 15.Nd2 Qe5
16.Nxe4 Ne7 17.Rad1 d5 18.f4 Qe6 19.Ng5 Qb6+ 20.Kh1 Bf5 21.e4 Bg4 22.Rde1 Rae8
23.exd5 Nf5 24.Ne6 Rf6 25.Qc3 c6 26.Nc5 Rd8 27.Re6 Nxg3+ 28.hxg3 Bxe6 29.dxe6 Rh6+
30.Kg1 Rxe6 31.Qc4 Kf8 32.Qxe6 Qxc5+ 33.Kh2 Rd6 34.Qe2 Rh6+ 35.Bh3 Qf5 36.g4  1-0

[Event "Pays de Charleroi Open"]
[Site "Charleroi BEL"]
[Date "2011.07.30"]
[Round "1.7"]
[White "Dubois,Theo"]
[Black "Cools,G"]
[Result "0-1"]
[WhiteElo "1763"]
[BlackElo "2230"]

1.d4 Nf6 2.Nf3 e6 3.c4 Bb4+ 4.Bd2 Qe7 5.a3 Bxd2+ 6.Nbxd2 d6 7.e4 e5 8.d5 a5
9.Bd3 a4 10.Rc1 Nbd7 11.Rc3 Nc5 12.Bc2 O-O 13.h3 Bd7 14.O-O Nh5 15.Kh2 Nf4
16.Ng1 f5 17.g3 Ng6 18.exf5 Bxf5 19.Bxf5 Rxf5 20.Ngf3 Qf6 21.Qe1 Rf8 22.Kg1 e4
23.Nh2 h5 24.g4 Rf4 25.gxh5 Ne5 26.f3 Qg5+ 27.Kh1 Ned3 28.Rg1 Qxh5 29.Qg3 R8f7
30.Nxe4 Nxe4 31.fxe4 Nf2+ 32.Kg2 Nxe4 33.Qe3 Rf2+ 34.Kh1 Re2 35.Qd4 Nf2+
36.Kg2 Nxh3+ 37.Kh1 Nf2+ 38.Kg2 Ne4+  0-1

[Event "98th ch-GBR"]
[Site "Sheffield ENG"]
[Date "2011.08.02"]
[Round "8.10"]
[White "Pert,R"]
[Black "Rendle,T"]
[Result "1/2-1/2"]
[WhiteElo "2459"]
[BlackElo "2386"]

1.d4 e6 2.Nf3 Nf6 3.c4 Bb4+ 4.Bd2 Qe7 5.g3 Nc6 6.Nc3 Bxc3 7.Bxc3 Ne4 8.Rc1 O-O
9.Bg2 d6 10.O-O Nxc3 11.Rxc3 e5 12.d5 Nd8 13.Nd2 b6 14.b4 a5 15.Ra3 Nb7 16.Nb3 Bg4
17.bxa5 Ra6 18.Qc2  1/2-1/2

[Event "16th Creon Open"]
[Site "Creon FRA"]
[Date "2011.08.03"]
[Round "4.7"]
[White "Epishin,V"]
[Black "Fantinel,T"]
[Result "1-0"]
[WhiteElo "2553"]
[BlackElo "2266"]

1.d4 e6 2.c4 Nf6 3.Nf3 Bb4+ 4.Bd2 Qe7 5.g3 Nc6 6.Nc3 Bxc3 7.Bxc3 Ne4 8.Rc1 O-O
9.Bg2 d6 10.d5 Nxc3 11.Rxc3 Nb8 12.dxe6 fxe6 13.Nd4 c6 14.O-O Nd7 15.e4 Nf6
16.Rd3 e5 17.Nc2 Be6 18.Ne3 Rad8 19.b3 Rd7 20.Qe2 a6 21.Rfd1 b5 22.R3d2 g6
23.Rc1 b4 24.a3 a5 25.axb4 axb4 26.Ra1 Rfd8 27.Qd1 Qf7 28.Ra6 d5 29.exd5 cxd5
30.cxd5 Nxd5 31.Bxd5 Bxd5 32.Ng4 Bc6 33.Rxd7 Rxd7 34.Qxd7  1-0

[Event "16th Creon Open"]
[Site "Creon FRA"]
[Date "2011.08.04"]
[Round "5.14"]
[White "Macon,A"]
[Black "Ollier,P"]
[Result "1/2-1/2"]
[WhiteElo "2066"]
[BlackElo "2277"]

1.d4 Nf6 2.c4 e6 3.Nf3 Bb4+ 4.Bd2 c5 5.Bxb4 cxb4 6.e3 O-O 7.Be2 d6 8.O-O Nc6
9.Qb3 Nd7 10.Nbd2 Qe7 11.a3 bxa3 12.Rxa3 b6 13.Ne1 Bb7 14.Qc3 Rfc8 15.b4 a5
16.bxa5 Nxa5 17.Qb4 Nc6 18.Qb2 e5 19.Rxa8 Rxa8 20.d5 Na5 21.Nc2 f5 22.e4 f4
23.Bg4 Nc5 24.Qxb6 Ra6 25.Qb4  1/2-1/2

[Event "Split Open"]
[Site "Split CRO"]
[Date "2011.08.05"]
[Round "1.4"]
[White "Matas,M"]
[Black "Drazic,S"]
[Result "0-1"]
[WhiteElo "2008"]
[BlackElo "2501"]

1.d4 e6 2.Nf3 Nf6 3.c4 Bb4+ 4.Bd2 c5 5.e3 b6 6.Be2 Bb7 7.O-O O-O 8.Ne5 d6
9.Nd3 Bxd2 10.Nxd2 Nc6 11.Bf3 cxd4 12.exd4 d5 13.cxd5 Nxd5 14.Nb3 a5 15.Ne5 a4
16.Nc1 Nxe5 17.dxe5 Qc7 18.Re1 Rfd8 19.Qd4 Ne7 20.Qg4 Nf5 21.Bxb7 Qxb7 22.Ne2 Rd5
23.Ng3 Rd4 24.Re4 Rxe4 25.Nxe4 Qc7 26.Qh5 Qxe5 27.Ng5 Nh6 28.Qf3 Rd8 29.h4 f6
30.Nh3 Nf5 31.Qc6 b5 32.Rc1 Nd4 33.Qb6 Rb8  0-1

[Event "20th ZDMI Open A"]
[Site "Dresden GER"]
[Date "2011.08.06"]
[Round "1"]
[White "Neef,M"]
[Black "Venkatesh,M"]
[Result "0-1"]
[WhiteElo "2023"]
[BlackElo "2480"]

1.Nf3 Nf6 2.c4 e6 3.d4 Bb4+ 4.Bd2 a5 5.g3 d5 6.a3 Be7 7.Bg2 O-O 8.O-O b6
9.Nc3 c6 10.Bf4 Ba6 11.cxd5 cxd5 12.Rc1 Nh5 13.Bd2 Nd7 14.Qa4 Bc4 15.Ne5 b5
16.Qd1 Nxe5 17.dxe5 b4 18.Nb1 g6 19.Bh6 Ng7 20.Re1 Qb6 21.b3 Ba6 22.a4 Rfd8
23.Be3 d4 24.Rc6 Qa7 25.Bf4 g5 26.Bd2 Rac8 27.Qc2 d3 28.exd3 Bxd3 29.Qb2 Rxc6
30.Bxc6 Nf5 31.Be3 Nxe3 32.Rxe3 Qc5 33.Bb5 Bxb5 34.axb5 Rd1+ 35.Kg2 Qd5+
36.Kh3 h5 37.f3 Bc5 38.Re4 g4+ 39.Kh4 gxf3 40.Qc2 f2  0-1

[Event "7th Gazi-Heraklion Open"]
[Site "Heraklion GER"]
[Date "2011.08.06"]
[Round "1"]
[White "Stefanatos,N"]
[Black "Kharitonov,Alexandr"]
[Result "0-1"]
[WhiteElo "1928"]
[BlackElo "2539"]

1.d4 Nf6 2.c4 e6 3.Nf3 Bb4+ 4.Bd2 a5 5.Qc2 d5 6.e3 O-O 7.Bd3 Nc6 8.Nc3 Bd6
9.a3 dxc4 10.Bxc4 e5 11.d5 Ne7 12.h3 Bf5 13.e4 Bg6 14.O-O h6 15.Be3 Rc8 16.Rad1 Kh8
17.Kh1 Bh7 18.Bc1 Rg8 19.Qe2 g5 20.Nh2 Ng6 21.Ng4 Nxg4 22.hxg4 Nf4 23.Qf3 h5
24.g3 hxg4 25.Qxg4 Qf6 26.Bxf4 gxf4 27.Qh3 Rcd8 28.Rg1 Rg6 29.Kg2 Rh6 30.Qg4 fxg3
31.fxg3 Rg8 32.Qf3 Rh2+  0-1

[Event "MMK Krakow IM"]
[Site "Krakow POL"]
[Date "2011.08.07"]
[Round "2.3"]
[White "Kalinin,O"]
[Black "De Verdier,M"]
[Result "1/2-1/2"]
[WhiteElo "2366"]
[BlackElo "2359"]

1.Nf3 Nf6 2.d4 e6 3.c4 Bb4+ 4.Bd2 Qe7 5.g3 Nc6 6.Bg2 Bxd2+ 7.Nbxd2 d6 8.Nf1 e5
9.Ne3 O-O 10.O-O exd4 11.Nxd4 Bd7 12.Nb5 Rac8 13.Nd5 Qd8 14.Nbc3 Ne5 15.Qd4 b6
16.Rad1 Re8 17.f4 Neg4 18.e4 Nxd5 19.Nxd5 Be6 20.Rfe1 Nf6 21.Nc3 Bg4 22.Rd2 Qd7
23.Nd5 Nxd5 24.cxd5 Bh3 25.Bf3 Bg4 26.Bh1 f6 27.Rc1 Re7 28.Rd3 Rce8 29.Re3 a5
30.a4 h6  1/2-1/2

[Event "ch-SLO w 2011"]
[Site "Ljubljana SLO"]
[Date "2011.08.07"]
[Round "2"]
[White "Stevanec,L"]
[Black "Kaps,D"]
[Result "0-1"]
[WhiteElo "2072"]
[BlackElo "2240"]

1.d4 Nf6 2.c4 e6 3.Nf3 Bb4+ 4.Bd2 Qe7 5.e3 b6 6.Bd3 Bb7 7.O-O Bxd2 8.Nbxd2 d6
9.e4 e5 10.Re1 Nbd7 11.d5 a5 12.b3 h5 13.Nh4 g6 14.g3 Nc5 15.Bf1 Bc8 16.a3 Ng4
17.b4 Nb7 18.Qc2 Qf6 19.f3 Nh6 20.Bd3 O-O 21.Rac1 Qg5 22.Ng2 axb4 23.axb4 Ra3
24.f4 Qe7 25.Nb1 Ra8 26.f5 g5 27.Qd2 Kh7 28.Be2 g4 29.Rf1 Qf6 30.Nc3 Bd7
31.Ra1 Ng8 32.Ra2 Ne7 33.Rfa1 Rab8 34.Bd3 Rg8 35.Nb5 c6 36.dxc6 Nxc6 37.Be2 Rgd8
38.Ne3 Ne7 39.Nc7 Qh6 40.Qd3 Nc6 41.Ned5 Nd4 42.Nxb6 Bc6 43.Na6 Rbc8 44.Nxc8 Rxc8
45.Bd1 Bd7 46.Kf2 d5 47.cxd5 Bb5 48.Qd2 Qf6 49.Kg2 Nd6 50.Nc5 Rxc5 51.bxc5 Nxe4
52.Qe1 Nxc5 53.Bc2 Be2 54.Bd1 Bc4 55.Rf2 Bxd5+ 56.Kg1 Nd3 57.Qe3 e4 58.Ra5 Bc6
59.Rf1 Nf3+ 60.Bxf3 gxf3 61.Ra6 Qb2 62.Rf2 Qb1+ 63.Rf1 Qc2 64.Rf2 Nxf2 65.Qxf2 Qc1+
66.Qf1 Qxf1+  0-1

[Event "Tabor Open"]
[Site "Tabor CZE"]
[Date "2011.08.07"]
[Round "9.13"]
[White "Mojzis,Jar"]
[Black "Van Nieuwenhuizen,H"]
[Result "1-0"]
[WhiteElo "2194"]
[BlackElo "1957"]

1.d4 Nf6 2.c4 e6 3.Nf3 Bb4+ 4.Bd2 Bxd2+ 5.Qxd2 d5 6.e3 O-O 7.Nc3 b6 8.cxd5 exd5
9.Bd3 Ba6 10.O-O Bxd3 11.Qxd3 c6 12.Rfd1 Qd6 13.Rab1 Nbd7 14.b4 b5 15.a4 bxa4
16.Nxa4 a5 17.b5 cxb5 18.Rxb5 Rfb8 19.Rdb1 Qc7 20.g3 g6 21.Kg2 Rxb5 22.Rxb5 Rb8
23.h3 Kg7 24.Nd2 Rxb5 25.Qxb5 Ne4 26.Nxe4 dxe4 27.g4 h6 28.Qd5 Nf6 29.Qb3 g5
30.Nc5 Qc6 31.Qc3 Qb5 32.Qc2 Qb6 33.Qb3 Qc7 34.Qb5 Qa7 35.Qc6 Qb8 36.Qxf6+ Kxf6
37.Nd7+ Ke6 38.Nxb8 Kd5 39.Nd7 a4 40.Nb6+  1-0

[Event "Baku Open A"]
[Site "Baku AZE"]
[Date "2011.08.08"]
[Round "3"]
[White "Bajarani,U"]
[Black "Iordachescu,V"]
[Result "1/2-1/2"]
[WhiteElo "2424"]
[BlackElo "2646"]

1.d4 Nf6 2.c4 e6 3.Nf3 Bb4+ 4.Bd2 a5 5.g3 d5 6.a3 Be7 7.cxd5 exd5 8.Nc3 O-O
9.Bg2 c6 10.O-O Bf5 11.Bf4 Nbd7 12.Rc1 Nh5 13.Be3 Nb6 14.Nd2 Bg6 15.f4 f5
16.Bf2 a4 17.Nf3 Nf6 18.Ne5 Bh5 19.Be1 Nfd7 20.Bf2 Nf6 21.h3 Ne8 22.Nb1 Nd6
23.Nd2 Nd7 24.Ndf3 Ne4 25.g4 Be8 26.e3 Nxe5 27.Nxe5 Bd6 28.Be1 Qb6 29.Nd3 Bd7
30.g5 Rfe8  1/2-1/2

[Event "22nd ch-NATO"]
[Site "Kaunas LTU"]
[Date "2011.08.09"]
[Round "2.6"]
[White "Picart,L"]
[Black "Rosenkilde,A"]
[Result "1/2-1/2"]
[WhiteElo "2094"]
[BlackElo "2235"]

1.d4 Nf6 2.c4 e6 3.Nf3 Bb4+ 4.Bd2 Qe7 5.g3 Nc6 6.Bg2 Bxd2+ 7.Nbxd2 d6 8.e4 e5
9.d5 Nb8 10.O-O O-O 11.Ne1 a5 12.Nd3 Na6 13.Qc2 c6 14.Qc3 cxd5 15.cxd5 Bd7
16.a4 Rfc8 17.Qb3 Be8 18.Bh3 Nc5 19.Nxc5 Rxc5 20.Rfc1 Rxc1+ 21.Rxc1 b5  1/2-1/2

[Event "Sakkozo Magyarok World Meeting"]
[Site "Lakitelek HUN"]
[Date "2011.08.09"]
[Round "5.17"]
[White "Karpati,B"]
[Black "Csuri,S"]
[Result "1/2-1/2"]
[WhiteElo "1802"]
[BlackElo "2043"]

1.d4 Nf6 2.Nf3 e6 3.c4 Bb4+ 4.Bd2 Qe7 5.e3 b6 6.Be2 Bb7 7.Bxb4 Qxb4+ 8.Qd2 Qe7
9.O-O O-O 10.Qc2 Ne4 11.Nbd2 f5 12.Nxe4 Bxe4 13.Qc3 g5 14.Nd2 Bb7 15.Bf3 Bxf3
16.Nxf3 d6 17.Rac1 Nd7 18.b4 c5 19.bxc5 bxc5 20.Rfd1 Rac8 21.dxc5 Nxc5 22.Qd4 Rfd8
23.Rc2 h6 24.Ne1 Na4 25.Rdc1 Nc5 26.Nd3 Nxd3 27.Qxd3 Rc5 28.Rd1 d5 29.h3 Rdc8
30.Qa3 Qc7 31.Rb1 Rxc4 32.Rxc4 dxc4 33.Qa6 Qc6 34.Qxa7  1/2-1/2

[Event "Baku Open A"]
[Site "Baku AZE"]
[Date "2011.08.10"]
[Round "5"]
[White "Nigalidze,G"]
[Black "Gagunashvili,M"]
[Result "1/2-1/2"]
[WhiteElo "2448"]
[BlackElo "2588"]

1.d4 e6 2.Nf3 Nf6 3.c4 Bb4+ 4.Bd2 Bxd2+ 5.Qxd2 d5 6.Nc3 O-O 7.e3 Nc6 8.cxd5 exd5
9.Bd3 Qe7 10.O-O Rd8 11.a3 Bg4 12.Qc2 Bxf3 13.gxf3 Qd7 14.Kh1 Ne7 15.Rg1 g6
16.Rg5 b6 17.Ne2 Qd6 18.Rc1 c6 19.f4 c5 20.Rcg1 Rdc8 21.Qb1 Kh8 22.f5 gxf5
23.Bxf5 Rg8 24.Rxg8+ Rxg8 25.Rxg8+ Kxg8 26.Qg1+ Kf8 27.Bc2 Ng6 28.Qg5 Qe6
29.Bf5 Qe7 30.Kg2 Ng8 31.Qxe7+ Kxe7 32.Kg3 Nf6 33.Nc3 cxd4 34.exd4 h6 35.h3 Nh5+
36.Kf3 Nf6 37.Ke3 a5 38.Na4 Nh4 39.Kf4 b5 40.Nc3 b4 41.axb4 axb4 42.Na2 Nxf5
43.Kxf5 Ne4 44.Nxb4 Nxf2 45.Nxd5+ Kd6 46.Nf4 Nxh3 47.Nxh3 Kd5 48.Kf4 Kxd4
49.Kf3 Kc4 50.Nf2 Kb3 51.Nd1 h5 52.Ke2 h4 53.Kd2 h3 54.Kc1 h2 55.Nf2 f5 56.Nh1 Kc4
57.Kc2 Kd4 58.Kd2 Kc4 59.Ng3 Kb3 60.Kc1 Kc4 61.Kc2 Kd4 62.Nh1 Ke3 63.Kd1 Kd3
64.Ke1 Kc4 65.Kd2 Kb3 66.Kc1 Kc4 67.Kc2 Kd4 68.Ng3 Ke5 69.Kd2 Kf4 70.Nh1 Ke4
71.b3 Kf3 72.Ke1 Ke3 73.Nf2 h1=Q+ 74.Nxh1 Kd3 75.Ng3 Kc3 76.Nxf5 Kxb3  1/2-1/2